zpět

Detail výsledku týmu

Pivovar Prokopák, Praha

Datum a čas kvízu

36.5 Celkem bodů Celkový počet nahraných bodů na tomto kvízu bez doplňovacích otázek.
1. Pořadí na kvízu Konečné umístění týmu na tomto kvízu.

Zaznamenané odpovědi

# Otázka Odpověď Body Výsledky
1. Jedno české město řeší bizarní... D 1
2. Jedna země si minulý týden zvo... Maďarsko 1
3. Ve čtvrtek měla premiéru komed... Betlémské světlo 1
4. Jako by toho ve světle událost... MOL 1
5. Základní část hokejové extrali... HC Energie Karlovy Vary 1
6. V dalším díle této tematické s... panda velká 1
7. Wapiti sibiřský žije v lesích... D 1
8. Na obrázku je detail kůže živo... varan komodský 1
9. Aktinidie čínská je ovocný str... kiwi 0
10. Sumeček žraločí, štíhlohlavec... pangas (pangasius) 1